=LDR 00000nam 2200000 4500 =001 INLIS000000000809653 =008 ###################################ind## =035 ##$$a 0010-0825000146 =245 ##$$a Beternak Domba / $c Rahmat Rukmana =260 ##$$b ANEKA ILMU =020 ##$$a 9797366898 =084 ##$$a 633 ANA b =520 ##$$a Peternakan =082 ##$$a 633?